000 00730nam a2200289Ia 4500
005 20260324132936.0
008 008 260324s9999 xx 000 0 eng d
020 _a9780429153600
037 _aEBOOK
040 _aCRL
040 _beng
040 _cCRL
041 _2eng
041 _aeng
084 _qCRL
100 _aJanos Galambos; Italo Simonelli
_91191203
245 0 _aProducts of Random Variables
245 0 _bApplications to Problems of Physics and to Arithmetical Functions
260 _bTaylor and Francis
260 _c2004
365 _a
365 _b600
856 _uhttp://www.taylorfrancis.com/books/9780429153600
942 _cEBOOK
999 _c1789780
_d1789780